Normal view MARC view
  • Dr. Mashhood Ahmad

Entry Personal Name

Number of records used in: 4

001 - CONTROL NUMBER

  • control field: 29523

003 - CONTROL NUMBER IDENTIFIER

  • control field: NUST

005 - DATE AND TIME OF LATEST TRANSACTION

  • control field: 20200827121305.0

008 - FIXED-LENGTH DATA ELEMENTS

  • fixed length control field: 200827|| aca||aabn | a|a d

040 ## - CATALOGING SOURCE

  • Original cataloging agency: NUST
  • Transcribing agency: NUST

100 ## - HEADING--PERSONAL NAME

  • Personal name: Dr. Mashhood Ahmad

670 ## - SOURCE DATA FOUND

  • Source citation: Work cat.: (NUST): Muhammad Asfandyar Imtiaz 29522, TH-SOF-1447-Impact of Iron Doping on Structural & Optical Properties of Titanium Dioxide /, 2017.
© 2023 Central Library, National University of Sciences and Technology. All Rights Reserved.